<?xml version="1.0" encoding="UTF-8"?>
<collection xmlns="http://www.loc.gov/MARC21/slim">
 <record>
  <leader>01469nam a2200205Ia 4500</leader>
  <controlfield tag="001">CTU_91940</controlfield>
  <controlfield tag="008">210402s9999    xx            000 0 und d</controlfield>
  <datafield tag="020" ind1=" " ind2=" ">
   <subfield code="c">80000</subfield>
  </datafield>
  <datafield tag="082" ind1=" " ind2=" ">
   <subfield code="a">658.4</subfield>
  </datafield>
  <datafield tag="082" ind1=" " ind2=" ">
   <subfield code="b">Ph561</subfield>
  </datafield>
  <datafield tag="100" ind1=" " ind2=" ">
   <subfield code="a">Phương Quân</subfield>
  </datafield>
  <datafield tag="245" ind1=" " ind2="0">
   <subfield code="a">50 kinh nghiệm quản lý thành công nhất thế giới</subfield>
  </datafield>
  <datafield tag="245" ind1=" " ind2="0">
   <subfield code="c">Phương Quân; Dương Thu Ái và Nguyễn Kim Hanh biên dịch</subfield>
  </datafield>
  <datafield tag="260" ind1=" " ind2=" ">
   <subfield code="a">Hà Nội</subfield>
  </datafield>
  <datafield tag="260" ind1=" " ind2=" ">
   <subfield code="b">Nxb. Hà Nội</subfield>
  </datafield>
  <datafield tag="260" ind1=" " ind2=" ">
   <subfield code="c">2004</subfield>
  </datafield>
  <datafield tag="520" ind1=" " ind2=" ">
   <subfield code="a">Võ luận sự quản lý như thế nào, đều cần phải giải quyết vấn đề quản lý con người. Con người là đối tượng hàng hái nhất, hễ làm cho họ hài lòngmãn ý, thì họ sẽ sản sinh ra ngăng lượng lớn nhất, khiến cho xí nghiệp tràng đầy sức sống. người quản lý không thể chỉ biết trói buộc cắp dưới, mà phải dùng tư duy và phương thức mở của, mạnh dạn kích lệ nguyện vọng tích cực hành động của họ. Như vậy mới có thể hình thành tinh thần đoàn đội. Mỗi bước đột phá về tư duy đều ảnh hưởng tới cuộc cách mạng ở cấp thế giới.</subfield>
  </datafield>
  <datafield tag="650" ind1=" " ind2=" ">
   <subfield code="a">Management</subfield>
  </datafield>
  <datafield tag="904" ind1=" " ind2=" ">
   <subfield code="i">Mai Loan</subfield>
  </datafield>
  <datafield tag="980" ind1=" " ind2=" ">
   <subfield code="a">Trung tâm Học liệu Trường Đại học Cần Thơ</subfield>
  </datafield>
 </record>
</collection>
